[Event "10th Mumbai Mayors Cup 2017"]
[Site "Mumbai"]
[Date "2017.06.05"]
[Round "3"]
[White "Iniyan, P."]
[Black "Aakash Sharadchandra, Dalvi"]
[Result "1-0"]
[WhiteElo "2392"]
[BlackElo "1855"]
[Annotator "TA"]
[PlyCount "53"]
[EventDate "2017.06.04"]
[EventType "swiss"]
[EventCountry "IND"]
[SourceTitle "playchess.com"]
[Source "ChessBase"]
[SourceQuality "1"]

{[%evp 10,53,12,16,16,8,15,16,17,16,27,0,24,28,62,62,74,65,65,-4,26,26,134,130,133,83,229,232,239,228,227,235,232,224,343,347,402,410,385,378,458,424,416,413,404,358]} 1. d4 Nf6 2. c4 e6 3. Nc3 Bb4 4. Nf3 O-O 5. Bg5 h6 6. Bh4 d6 {E21: Nimzo-Indian: 4 Nf3} (6... c5 7. Rc1 cxd4 8. Nxd4 Nc6 9. e3 b6 10. Ndb5 a6 11. Nd6 Qe7 12. Nde4 g5 13. Nxf6+ Qxf6 14. Bg3 d5 {1-0 (34) Aronian,L (2792)-Caruana,F (2804) Leuven 2016}) 7. e3 Qe7 8. Be2 e5 {The position is equal.} 9. O-O {[#] Black must now prevent Nd5.} Bxc3 10. bxc3 Nc6 (10... g5 $5 {[%cal Rg5h4]} 11. Bg3 Ne4 $11) 11. Nd2 $146 ({Predecessor:} 11. Qc2 b6 12. Nd2 g5 13. Bg3 exd4 14. Bf3 {0-1 (35) Zombirt,F (2013)-Gelip,I (2155) Wroclaw 2015}) 11... Bd7 12. f4 $36 {[%mdl 2048] Strongly threatening fxe5. White has good play.} exf4 13. exf4 Qe3+ 14. Kh1 (14. Rf2 $1 $14) 14... Rfe8 ({Not} 14... Qxc3 $2 15. Bxf6 gxf6 16. d5 $18 (16. Ne4 Qxd4 17. Qxd4 Nxd4 $15)) 15. Bf3 Nh7 (15... Bf5 $11 {remains equal.}) 16. Qc2 $16 g6 17. Be4 {[#] And now Rae1 would win.} Rxe4 (17... Qe2 $16) 18. Nxe4 $18 Bf5 19. Rae1 Bxe4 20. Qxe4 ({Worse is} 20. Rxe3 Bxc2 21. Rfe1 Kg7 $17) 20... Qxc3 21. d5 Na5 (21... Nb4 $142 22. Re3 Qd2) 22. Rc1 Qg7 23. Be1 b6 24. Bc3 Qf8 25. Qd4 {[%csl Gc3][%cal Rd4h8]} f6 26. Bxa5 bxa5 27. Rfe1 {Precision: White = 66%, Black = 38%.} 1-0

[Event "10th Mumbai Mayors Cup 2017"]
[Site "Mumbai"]
[Date "2017.06.05"]
[Round "3"]
[White "Rathnakaran, K."]
[Black "Shrutarshi Ray"]
[Result "0-1"]
[WhiteElo "2378"]
[BlackElo "1852"]
[Annotator "NA"]
[PlyCount "156"]
[EventDate "2017.06.04"]
[EventType "swiss"]
[EventCountry "IND"]
[SourceTitle "playchess.com"]
[Source "ChessBase"]
[SourceQuality "1"]
[TimeControl "5400+30"]

1. e4 c5 2. Nf3 d6 3. d4 cxd4 4. Nxd4 Nf6 5. Nc3 g6 6. Be3 Bg7 7. f3 a6 8. Qd2 h5 9. O-O-O b5 10. Kb1 Bb7 11. Nb3 Nbd7 12. h4 Rc8 13. a4 $11 b4 14. Na2 a5 15. Bb5 Bc6 16. Bxc6 Rxc6 17. f4 Qc7 18. Qd3 O-O 19. Nd4 Nc5 20. Qc4 Ng4 21. Bg1 Bxd4 22. Bxd4 Nxe4 23. Qb3 e5 24. Rhe1 exd4 25. Rxe4 Nf2 26. Rdxd4 Nxe4 27. Rxe4 Qd7 28. Nc1 Qf5 29. Re2 Qxf4 30. g3 Qf1 31. Qd5 Rfc8 32. Qd3 Qg1 33. Qf3 Rc5 34. Qg2 Qxg2 35. Rxg2 Rd5 36. Nb3 Kg7 37. Nd2 f6 38. Nf3 Kf7 39. Ka2 Rc4 40. Kb3 Re4 41. Nd2 Re3+ 42. Kc4 Rc5+ 43. Kd4 Ree5 44. Nf3 Red5+ 45. Ke3 Rc4 46. Ne1 Re5+ 47. Kd2 g5 48. hxg5 Rxg5 49. Nf3 Rgc5 50. Kd3 Rg4 51. Nh2 Rgg5 52. Nf3 Rg4 53. Ke3 Rc8 54. Nh2 Rgc4 55. Kd3 R4c5 56. Nf1 Rg8 57. Rh2 Rf5 58. Rh1 Rxf1 59. Rxf1 Rxg3+ 60. Kc4 h4 61. Rh1 h3 62. Kb5 Rg5+ 63. Kc6 Rc5+ 64. Kxd6 Rxc2 65. Rxh3 Rxb2 66. Rh5 Rd2+ 67. Kc6 Ra2 68. Rxa5 b3 69. Rb5 Rxa4 70. Rxb3 f5 71. Rb6 Ra5 72. Kd7 f4 73. Rh6 f3 74. Rh2 Rd5+ 75. Kc6 Rf5 76. Rf2 Ke6 77. Kb6 Ke5 78. Kc5 Ke4+ 0-1

[Event "10th Mumbai Mayors Cup 2017"]
[Site "Mumbai"]
[Date "2017.06.05"]
[Round "3"]
[White "Navalgund, Niranjan"]
[Black "Meenal Gupta"]
[Result "1/2-1/2"]
[WhiteElo "2351"]
[BlackElo "1909"]
[Annotator "NA"]
[PlyCount "197"]
[EventDate "2017.06.04"]
[EventType "swiss"]
[EventCountry "IND"]
[SourceTitle "playchess.com"]
[Source "ChessBase"]
[SourceQuality "1"]
[TimeControl "5400+30"]

1. d4 Nf6 2. c4 e6 3. g3 d5 4. Nf3 Bb4+ 5. Bd2 Be7 6. Bg2 O-O 7. O-O c6 8. Qc2 b6 9. Bf4 Bb7 10. Ne5 Nfd7 11. Rd1 Nxe5 12. dxe5 Qc8 13. Nc3 Nd7 14. h4 Rd8 15. cxd5 cxd5 16. e4 dxe4 17. Bxe4 Bxe4 18. Qxe4 Nc5 19. Qe2 Qa6 20. Qxa6 Nxa6 21. Nb5 Nb4 22. Rxd8+ Rxd8 23. a3 Nd3 24. Be3 Nxb2 25. Nxa7 Rd1+ 26. Rxd1 Nxd1 27. Bxb6 Bxa3 28. Kg2 h5 29. Kf3 Nc3 30. Bd4 Nd5 31. Ke4 Kf8 32. Nb5 Bb4 33. Bb2 Ke7 34. Bc1 Nc3+ 35. Nxc3 Bxc3 36. Bg5+ Kf8 37. f3 Kg8 38. g4 g6 39. gxh5 gxh5 40. f4 Kg7 41. f5 Kh7 42. Be3 Be1 43. Bg5 Bc3 44. Be7 Kg7 45. Bf6+ Kh7 46. Kf4 Bd2+ 47. Ke4 Bc3 48. Bd8 Kg7 49. Bg5 Kh7 50. Bf6 Be1 51. Bg5 Bc3 52. Be3 Be1 53. Bg5 Bc3 54. Be7 Kg7 55. Bd8 Kh7 56. Bg5 Kg7 57. Bf6+ Kh7 58. Kf4 Bd2+ 59. Ke4 Be1 60. Bg5 Bc3 61. Bc1 Be1 62. Bg5 Bc3 63. Bd8 Kg7 64. Kf4 Bd2+ 65. Ke4 Bc3 66. Bg5 Kh7 67. Bf4 Be1 68. Bg5 Bc3 69. Bd8 Kg7 70. Bf6+ Kh7 71. Kd3 Be1 72. Ke4 Bc3 73. Bg5 Kg7 74. Be3 Be1 75. Bg5 Bc3 76. Bf6+ Kh7 77. Kf4 Bd2+ 78. Ke4 Be1 79. Bg5 Bc3 80. Be3 Be1 81. Bg5 Bc3 82. Bd8 Be1 83. Be7 Bc3 84. Kf4 Bd2+ 85. Ke4 Bc3 86. Bf6 Be1 87. Kf4 Bd2+ 88. Ke4 Be1 89. Bg5 Bc3 90. Bf4 Be1 91. Bg5 Bc3 92. Bf6 Be1 93. Be7 Kg7 94. Kf4 Bd2+ 95. Ke4 Kh7 96. Bd8 Bc3 97. Kf4 Bd2+ 98. Ke4 Bc3 99. Bg5 1/2-1/2

[Event "10th Mumbai Mayors Cup 2017"]
[Site "Mumbai"]
[Date "2017.06.05"]
[Round "3"]
[White "Sangma, Rahul"]
[Black "Nagare Akhilesh"]
[Result "1-0"]
[WhiteElo "2337"]
[BlackElo "1865"]
[Annotator "NA"]
[PlyCount "95"]
[EventDate "2017.06.04"]
[EventType "swiss"]
[EventCountry "IND"]
[SourceTitle "playchess.com"]
[Source "ChessBase"]
[SourceQuality "1"]
[TimeControl "5400+30"]

1. e4 e6 2. d4 d5 3. Nd2 Nf6 4. e5 Nfd7 5. f4 c5 6. Ngf3 Nc6 7. Nb3 Be7 8. Be3 O-O 9. Nxc5 Nxc5 10. dxc5 f6 11. c3 fxe5 12. fxe5 Qc7 13. Bd4 Nxd4 14. cxd4 b6 15. b4 $11 (15. c6 $5) 15... bxc5 16. bxc5 Rxf3 17. Qxf3 Qa5+ 18. Kf2 Qd2+ 19. Be2 Qxd4+ 20. Qe3 Bxc5 21. Qxd4 Bxd4+ 22. Kf3 Bxa1 23. Rxa1 Bd7 24. Rb1 Rf8+ 25. Ke3 Bc6 26. g3 g6 27. Bg4 Re8 28. Rc1 Bb5 29. Rc7 a6 30. h4 h6 31. h5 g5 32. Kd4 Bc4 33. a4 Bb3 34. a5 Bc4 35. Rc8 Rxc8 36. Bxe6+ Kf8 37. Bxc8 Ke7 38. Bb7 Be2 39. Ke3 Bc4 40. Bc6 Ke6 41. Kd4 Be2 42. Bxd5+ Ke7 43. Bc4 Bxh5 44. Bxa6 Bf3 45. Bd3 h5 46. a6 h4 47. gxh4 gxh4 48. Be4 1-0

[Event "10th Mumbai Mayors Cup 2017"]
[Site "Mumbai"]
[Date "2017.06.05"]
[Round "3"]
[White "Mohammad Fahad, Rahman"]
[Black "Hrishikesh, Chavan"]
[Result "1-0"]
[WhiteElo "2305"]
[BlackElo "1814"]
[Annotator "NA"]
[PlyCount "69"]
[EventDate "2017.06.04"]
[EventType "swiss"]
[EventCountry "IND"]
[SourceTitle "playchess.com"]
[Source "ChessBase"]
[SourceQuality "1"]
[TimeControl "5400+30"]

1. c4 g6 2. g3 Bg7 3. Bg2 c6 4. Nc3 d6 5. e4 Nf6 6. Nge2 O-O 7. O-O e5 8. d4 Be6 9. b3 Qc8 10. Ba3 Rd8 11. Re1 $14 Na6 12. Rc1 Bh6 13. Rc2 Bh3 14. Bh1 Qe6 15. Bc1 Bg7 16. a3 h5 17. Bg5 Rd7 18. Qd2 Nh7 19. Bh6 Qf6 20. Be3 Qe7 21. b4 Nc7 22. d5 cxd5 23. exd5 f5 24. c5 Ne8 25. c6 Rdd8 26. Nb5 a6 27. Nbc3 Bf6 28. Na4 g5 29. Bb6 Rdc8 30. Ba5 f4 31. Nb6 Bf5 32. Rc4 e4 33. Nd4 Bg6 34. Bxe4 Bxe4 35. Nf5 1-0

[Event "10th Mumbai Mayors Cup 2017"]
[Site "Mumbai"]
[Date "2017.06.05"]
[Round "3"]
[White "Ziatdinov, Raset"]
[Black "Trisha Kanyamarala"]
[Result "1-0"]
[WhiteElo "2301"]
[BlackElo "1703"]
[Annotator "TA"]
[PlyCount "69"]
[EventDate "2017.06.04"]
[EventType "swiss"]
[EventCountry "IND"]
[SourceTitle "playchess.com"]
[Source "ChessBase"]
[SourceQuality "1"]

{[%evp 19,69,18,54,38,56,60,63,60,64,56,60,72,68,32,69,68,95,60,93,90,70,82,92,77,85,0,0,-12,25,0,59,52,49,54,334,333,416,405,400,408,536,547,627,631,615,616,1044,1038,966,1018,12833,12825]} 1. e4 c5 2. Nf3 e6 3. d4 cxd4 4. Nxd4 Nc6 5. Nb5 d6 6. c4 a6 7. N5c3 Nf6 8. Be2 Be7 9. O-O O-O 10. Be3 Qc7 {LiveBook: 9 Games} 11. Nd2 {[%cal Bb1d2,Bd2c4,Bc4a5][%mdl 32] B44: Sicilian: Taimanov: 5 Nb5} Rd8 12. Rc1 Nd7 13. Nd5 {White is slightly better.} exd5 14. cxd5 Qb8 $146 ({Predecessor:} 14... Nc5 15. dxc6 bxc6 16. b4 Ne6 17. Qc2 Bb7 18. Nc4 c5 19. Na5 Bf6 20. Nxb7 Qxb7 21. bxc5 Nd4 22. c6 Qe7 23. Bxd4 Bxd4 24. c7 Rf8 25. c8=Q {1-0 (25) Husnullin,R (2202)-Tulay Berkay,K Kocaeli 2002}) 15. dxc6 bxc6 16. Nc4 Bb7 17. Na5 c5 18. Bc4 Bxe4 19. f3 Bb7 20. Qb3 Ra7 21. Bxf7+ Kh8 22. Qe6 (22. Be6 $16) 22... Bf6 $11 23. Qh3 Ne5 24. Bb3 Qc7 (24... Bc8 $11 25. Qh5 g6) 25. Nxb7 (25. Bc2 $5 {[%cal Rh3h7]} g6 26. Qe6 $14 (26. Nxb7 Rxb7 27. b3 Qd7 $14)) 25... Rxb7 26. Bc2 $40 {[%csl Gc2][%cal Rh3h7][%mdl 128] White is up to no good.} h6 $2 {[%mdl 8192] [#]} (26... g6 $14) 27. Bxh6 $1 $18 {[%mdl 512]} gxh6 28. Qxh6+ Kg8 {White must now prevent ...Qg7.} 29. Qxf6 Rf8 30. Qe6+ {White is clearly winning.} Kg7 31. f4 {[%cal Bf3f4,Bf4f5][%mdl 32]} Rf6 32. Qh3 {[#] Threatens to win with Qh7+.} Ng6 33. Bxg6 Rxg6 34. f5 Rf6 35. Rc3 {Precision: White = 73%, Black = 31%.} 1-0

[Event "10th Mumbai Mayors Cup 2017"]
[Site "Mumbai"]
[Date "2017.06.05"]
[Round "3"]
[White "Raahul V S"]
[Black "Mohith R"]
[Result "1-0"]
[WhiteElo "2282"]
[BlackElo "1664"]
[Annotator "NA"]
[PlyCount "65"]
[EventDate "2017.06.04"]
[EventType "swiss"]
[EventCountry "IND"]
[SourceTitle "playchess.com"]
[Source "ChessBase"]
[SourceQuality "1"]
[TimeControl "5400+30"]

1. c4 Nf6 2. Nc3 e6 3. e4 e5 4. Nf3 Nc6 5. d4 exd4 6. Nxd4 Bc5 7. Nf5 O-O 8. Be3 Bxe3 9. Nxe3 d6 10. Be2 Re8 11. f3 Nh5 12. O-O Nf4 13. Ncd5 $14 (13. Ned5 $5 {[%cal Rd5f4]} Nxe2+ 14. Qxe2 $14 (14. Nxe2 Bd7 $14)) 13... Ng6 14. Rc1 Nce7 15. Qd2 Be6 16. f4 f5 17. Bd3 Rf8 18. Nxe7+ Nxe7 19. exf5 Bd7 20. Be4 Qc8 21. c5 Nxf5 22. Bxf5 Bxf5 23. cxd6 c6 24. Nxf5 Rxf5 25. Rfe1 Qd8 26. Re7 Rd5 27. Qc3 Qf8 28. Rxb7 Rxd6 29. Rc7 Rad8 30. g3 Rd2 31. Rxc6 Qf5 32. Rc8 Qg4 33. Qxd2 1-0

[Event "10th Mumbai Mayors Cup 2017"]
[Site "Mumbai"]
[Date "2017.06.05"]
[Round "3"]
[White "Rahman, Syed Mahfuzur"]
[Black "Aditya P Melani"]
[Result "1-0"]
[WhiteElo "2260"]
[BlackElo "1597"]
[Annotator "NA"]
[PlyCount "85"]
[EventDate "2017.06.04"]
[EventType "swiss"]
[EventCountry "IND"]
[SourceTitle "playchess.com"]
[Source "ChessBase"]
[SourceQuality "1"]
[TimeControl "5400+30"]

1. e4 c5 2. Nf3 e6 3. d4 cxd4 4. Nxd4 Nf6 5. Nc3 Bb4 6. e5 Nd5 $1 7. Bd2 {LiveBook: 174 Games} Bxc3 8. bxc3 a6 9. Qg4 g6 $16 10. c4 Ne7 11. Bd3 Nbc6 12. Nxc6 Nxc6 13. Bc3 Nxe5 14. Qd4 f6 15. f4 Nxd3+ 16. cxd3 b5 17. Qxf6 Qxf6 18. Bxf6 O-O 19. Be5 bxc4 20. dxc4 Bb7 21. Kf2 g5 22. Rhd1 Bc6 23. g3 gxf4 24. gxf4 Kf7 25. Rd3 Rg8 26. Rh3 Rg2+ 27. Ke3 Kg6 28. Kd4 h6 29. Rd1 Kh7 30. a3 Rag8 31. Kc5 Rc2 32. Rdd3 Bd5 33. Bc3 Bc6 34. Kd6 Rcg2 35. Kc7 Rg1 36. c5 R1g4 37. Be5 a5 38. Rxd7+ Bxd7 39. Kxd7 Rg1 40. Rd3 Ra8 41. c6 Rgg8 42. c7 Rge8 43. Rb3 1-0

[Event "10th Mumbai Mayors Cup 2017"]
[Site "Mumbai"]
[Date "2017.06.05"]
[Round "3"]
[White "Aditya Mittal"]
[Black "Rahman, Ziaur"]
[Result "1/2-1/2"]
[WhiteElo "2211"]
[BlackElo "2526"]
[Annotator "TA"]
[PlyCount "109"]
[EventDate "2017.06.04"]
[EventType "swiss"]
[EventCountry "IND"]
[SourceTitle "playchess.com"]
[Source "ChessBase"]
[SourceQuality "1"]

{[%evp 17,109,11,22,0,0,0,8,0,8,4,9,11,23,17,19,-1,37,-146,51,0,0,6,0,0,0,0,0,0,0,0,0,0,0,0,8,7,7,7,7,14,15,0,34,37,28,0,24,-22,-22,-22,-22,-22,-27,-29,-36,-38,-36,-61,-48,-98,-65,-105,-102,-99,-23,-48,-27,-28,-8,-19,0,0,0,0,0,0,0,0,0,0,0,0,64,75,179,185,301,139,108,16,97,0,89,0]} 1. d4 e6 2. c4 b6 3. Nc3 Bb7 4. Nf3 Bb4 5. Bg5 f6 6. Bd2 f5 7. g3 Nf6 8. Bg2 O-O 9. O-O a5 {LiveBook: 15 Games} 10. Ne5 $146 {A84: Dutch Defence: 2 c4 Miscellaneous} ({Predecessor:} 10. Rc1 Na6 11. a3 Bxc3 12. Bxc3 Qe7 13. Re1 Rae8 14. Qb3 Ra8 15. Ne5 Bxg2 16. Kxg2 Nb8 17. Nd3 d6 {1-0 (68) Rasmussen,A (2499)-Hansen,S (2569) Skorping 2014}) 10... Bxg2 11. Kxg2 d6 12. Nd3 {The position is equal.} Qe8 (12... Nc6 $5 {[%cal Rc6d4]}) 13. f3 Bxc3 14. Bxc3 Qc6 15. b3 Nbd7 16. Nf4 d5 17. cxd5 $2 (17. Qd3 $14 {stays ahead.}) 17... Nxd5 $2 (17... Qxc3 $17 18. dxe6 g5) 18. Nxd5 (18. Bd2 $1 $14) 18... exd5 $11 19. Bd2 Qe6 20. Bf4 c6 21. Qd2 h6 22. h4 Rae8 23. Rfe1 Qg6 24. Rac1 Re6 25. Rc3 Rfe8 26. Re3 Rxe3 27. Bxe3 Nf6 28. Bf4 Nh5 29. Kf2 Qe6 30. Be5 c5 31. e3 c4 32. b4 axb4 33. Qxb4 Ra8 34. a3 Nf6 35. Qd6 Qxd6 36. Bxd6 {[%mdl 4096] Endgame KRB-KRN} Kf7 37. Rb1 Nd7 38. Bb4 g5 39. hxg5 hxg5 40. Rh1 {[#]} Kg6 (40... Nf6 $1 $17) 41. Be7 Re8 42. Bd6 $1 g4 43. Bf4 $1 gxf3 44. Rh6+ Kg7 {...Nf6 is the strong threat.} 45. Rc6 Kf7 46. Rc7 Ke7 47. Bg5+ Kd6 48. Bf4+ Ke6 49. Rc6+ Ke7 (49... Kf7 $11) 50. Bg5+ $14 Kf8 (50... Kf7 $16) 51. Kxf3 $18 Re4 (51... Rb8 {keeps fighting.} 52. Kf4 b5) 52. Rc7 (52. Rd6 $18 Rg4 53. Rxd5 Ne5+ 54. Rxe5 Rxg5 55. Re6) 52... Ke8 $16 53. Rc8+ Kf7 54. Rc7 Ke8 $1 {[#]} 55. Rc8+ {Precision: White = 54%, Black = 49%.} ({White should play} 55. a4 $1 $16) 1/2-1/2

[Event "10th Mumbai Mayors Cup 2017"]
[Site "Mumbai"]
[Date "2017.06.05"]
[Round "3"]
[White "Arvind, Shastry"]
[Black "Grover, Sahaj"]
[Result "0-1"]
[WhiteElo "2190"]
[BlackElo "2485"]
[Annotator "TA"]
[PlyCount "118"]
[EventDate "2017.06.04"]
[EventType "swiss"]
[EventCountry "IND"]
[SourceTitle "playchess.com"]
[Source "ChessBase"]
[SourceQuality "1"]

{[%evp 19,118,39,54,6,6,0,8,8,8,7,9,4,10,1,8,10,4,-9,0,0,0,-10,-21,-40,-41,-61,-64,-67,-53,-69,-59,-77,-43,-46,-39,-37,-31,-61,-23,-35,-32,-33,-32,-37,-32,-32,-32,-32,-32,-32,-32,-32,-23,-23,-23,-23,-24,-162,0,-158,-158,-158,-158,-189,-189,-189,-158,-359,-324,-324,-324,-323,-308,-12834,-12832,-12837,-12838,-12838,-12839,-12839,-12839,-12840,-12840,-12841,-12841,-12844,-12844,-12845,-12845,-12845,-12846,-12846,-12847,-12847,-12847,-12848,-12848,-12849,-12849,-12850,-12850]} 1. d4 Nf6 2. Nf3 d5 3. c4 e6 4. Nc3 Bb4 5. cxd5 exd5 6. Bg5 h6 7. Bxf6 Qxf6 8. Qb3 c5 9. e3 Nc6 10. dxc5 O-O {LiveBook: 34 Games. D38: Queen's Gambit Declined: Ragozin Defence (4 Nf3 Bb4)} 11. a3 (11. Bb5 d4 12. Bxc6 dxc3 13. Qxb4 cxb2 14. Rb1 bxc6 15. O-O Ba6 16. Rfe1 Rab8 17. Qa3 Bc4 18. Nd4 {½-½ (113) Ponomariov,R (2743)-Moiseenko,A (2711) Kiev 2013}) 11... Ba5 12. Be2 d4 {The position is equal.} 13. Nxd4 Nxd4 14. exd4 Qxd4 $146 ({Predecessor:} 14... Re8 15. Qb5 Bxc3+ 16. bxc3 Bg4 17. Ra2 Qe6 18. Rd2 {1-0 (41) Malich,B-Packroff,H Schwerin 1969}) 15. O-O Qxc5 (15... Bxc3 $5 16. Qxc3 (16. bxc3 Qxc5 17. Rfd1 Be6 $11) 16... Qxc3 17. bxc3 Bf5 $11) 16. Qd5 Bb6 17. Qxc5 Bxc5 18. Bf3 Be6 19. Rfd1 Rad8 20. Rxd8 (20. g3 {seems wilder.} b6 21. Nd5 Bd6 22. Rd3 Rd7 23. Nxb6 axb6 24. Rad1) 20... Rxd8 21. Rd1 Rxd1+ 22. Bxd1 $15 {[%mdl 4096] Endgame KBB-KBN} Bd4 23. Kf1 Kf8 24. Ke1 Ke7 25. Bc2 Bc4 26. f3 Ke6 27. Kd2 Bf1 28. Bb3+ Kd7 29. g4 f6 30. h4 Kd6 31. f4 Bg2 32. Kd3 {Threatens to win with Nb5+.} Bxc3 33. bxc3 {KB-KB} Bf3 34. g5 fxg5 35. fxg5 hxg5 36. hxg5 Ke5 {White should prevent ...Kf4.} 37. Ke3 Be4 38. Bf7 {[#]} (38. Ba4 $1 $11) 38... Kf5 $2 ({Better is} 38... Bc2 $1 $19 39. c4 b6) 39. c4 $2 (39. Be6+ $1 $11 Ke5 40. Bg4) 39... Bc6 $17 40. g6 {[#]} Ke5 $1 41. Kd3 Be4+ 42. Kc3 b6 43. Be8 $2 (43. Kb4 $17) 43... Kf6 $19 44. Kd4 Bxg6 45. Bc6 Bc2 46. c5 $2 (46. Ke3) 46... bxc5+ {Black is clearly winning.} 47. Kxc5 Ke5 48. Kc4 Be4 49. Bd7 g5 {[%cal Bg7g5,Bg5g4,Bg4g3][%mdl 32]} 50. Kc3 Bf5 51. Bc6 g4 52. Kd2 Kd4 53. Ke2 Be4 54. Bd7 g3 55. Be8 a5 56. Bd7 Kc3 57. Ke3 Kb3 58. a4 Kb4 59. Bb5 Bc2 {Precision: White = 28%, Black = 71%.} 0-1

[Event "10th Mumbai Mayors Cup 2017"]
[Site "Mumbai"]
[Date "2017.06.05"]
[Round "3"]
[White "Pinge, Shubham D"]
[Black "Sai Krishna G V"]
[Result "0-1"]
[WhiteElo "2017"]
[BlackElo "2339"]
[Annotator "NA"]
[PlyCount "52"]
[EventDate "2017.06.04"]
[EventType "swiss"]
[EventCountry "IND"]
[SourceTitle "playchess.com"]
[Source "ChessBase"]
[SourceQuality "1"]
[TimeControl "5400+30"]

1. e4 e5 2. Nf3 Nc6 3. d4 exd4 4. Bc4 Nf6 5. e5 d5 6. Bb5 Ne4 7. Nxd4 Bd7 8. Bxc6 bxc6 9. O-O Bc5 10. f3 Ng5 11. f4 Ne4 12. Be3 O-O 13. Nd2 Nxd2 14. Qxd2 Bb6 {C56: Two Knights: 4 d4 exd4 5 0-0 Nxe4} (14... f6 15. Nb3 Bb6 16. Bc5 fxe5 17. fxe5 Qh4 18. Kh1 Rxf1+ 19. Rxf1 Re8 20. Qe3 h6 21. Qf3 Qg4 22. Qf7+ Kh7 {0-1 (76) Socko,B (2604)-Ernst,T (2368) Sweden 2017}) 15. c3 c5 16. Nb3 c4 17. Bxb6 $146 ({Predecessor:} 17. Nd4 c5 18. Nf3 Bc6 19. Qf2 Qe7 20. Qg3 {0-1 (35) Mesaros,S (1782)-Arztmann,N (1862) Linz 2013}) 17... axb6 18. Nd4 c5 19. Nf3 Bf5 20. a3 Qd7 21. Rad1 Rad8 22. Rfe1 Bd3 $15 23. g3 Rfe8 24. Re3 d4 25. Rxd3 cxd3 26. Qxd3 dxc3 0-1

[Event "10th Mumbai Mayors Cup 2017"]
[Site "Mumbai"]
[Date "2017.06.05"]
[Round "3"]
[White "Karthik Kumar Pradeep"]
[Black "Deviatkin, Andrei"]
[Result "0-1"]
[WhiteElo "1978"]
[BlackElo "2481"]
[Annotator "TA"]
[PlyCount "86"]
[EventDate "2017.06.04"]
[EventType "swiss"]
[EventCountry "IND"]
[SourceTitle "playchess.com"]
[Source "ChessBase"]
[SourceQuality "1"]

{[%evp 21,86,0,4,-4,0,-29,-38,-33,-28,-40,0,-46,-53,-47,-45,-49,-64,-66,-60,-83,-50,-54,-49,-73,-80,-86,-81,-89,-80,-79,-79,-95,-91,-79,-86,-87,-86,-93,-84,-98,-103,-104,-102,-97,-97,-144,-149,-193,-185,-243,-249,-199,-170,-161,-182,-158,-128,-285,-292,-290,-237,-283,-271,-247,-229,-29985,-29986]} 1. d4 d5 2. c4 c6 3. Nf3 Nf6 4. e3 Bf5 5. Nc3 e6 6. Nh4 Bg6 7. Be2 {D12: Slav Defence: 3 Nf3 Nf6 4 e3 Bf5} Nbd7 8. O-O Bd6 9. g3 Qe7 10. Qb3 Rb8 11. Nxg6 hxg6 {LiveBook: 9 Games} 12. Qc2 dxc4 13. Ne4 $146 ({Predecessor:} 13. f4 O-O 14. e4 c5 {0-1 (50) Matlakov,M (2694)-Artemiev,V (2653) Doha 2016}) 13... Nxe4 14. Qxe4 Nb6 15. Qc2 e5 16. Bxc4 Nxc4 17. Qxc4 Qd7 {Hoping for ...Qh3.} 18. f4 exf4 19. exf4 Be7 20. Be3 O-O (20... Rh5 {with more complications.} 21. Rae1 Kf8 22. Rf2 Kg8 23. Rfe2 Rd8) 21. Rad1 Rbd8 22. Qb3 Rfe8 23. Rd2 {[#]} Bb4 $1 {[%cal Be7b4,Bb4a5,Ba5b6][%mdl 544]} 24. Rd3 (24. Qxb4 Rxe3) 24... Ba5 25. Rfd1 Bb6 26. Kg2 Qg4 27. R1d2 Rd5 28. Qd1 Qd7 29. b4 Rh5 30. h4 a5 31. a3 axb4 32. axb4 Rb5 {[%cal Bh5b5,Bb5b4,Bb4e4][%mdl 32]} 33. Bf2 Rxb4 34. d5 Bxf2 35. Rxf2 (35. dxc6 $142 Qxc6+ 36. Kxf2) 35... c5 $19 36. d6 Rbe4 37. Rd5 Re1 38. Qd2 b6 39. h5 $2 (39. f5 $17 {is the only way for White.}) 39... gxh5 40. Rxh5 R1e6 41. Qd3 {Intending Qh7+ and mate.} g6 42. Rd5 {and the idea f5 leaves White hopeful.} Re3 43. Qd2 $2 {[#]} (43. Qd1 $19) 43... Qg4 {Precision: White = 32%, Black = 85%.} 0-1

[Event "10th Mumbai Mayors Cup 2017"]
[Site "Mumbai"]
[Date "2017.06.05"]
[Round "3"]
[White "Badrinath, S."]
[Black "Phuyal, Aashish"]
[Result "1-0"]
[WhiteElo "1977"]
[BlackElo "1839"]
[Annotator "NA"]
[PlyCount "69"]
[EventDate "2017.06.04"]
[EventType "swiss"]
[EventCountry "IND"]
[SourceTitle "playchess.com"]
[Source "ChessBase"]
[SourceQuality "1"]
[TimeControl "5400+30"]

1. Nf3 Nf6 2. g3 b6 3. Bg2 Bb7 4. O-O e6 5. d3 c5 6. e4 d6 7. Re1 Nbd7 8. a4 a6 9. Na3 Be7 10. c3 O-O 11. Bf4 Re8 12. h3 Bc6 13. g4 b5 14. Nd2 Ne5 $11 15. Qc2 Ng6 16. Bg3 Nd7 17. d4 Qb6 18. axb5 axb5 19. d5 exd5 20. exd5 Bb7 21. c4 b4 22. Nb5 Ba6 23. Rxa6 Rxa6 24. Bxd6 Qd8 25. Bc7 Qc8 26. Ne4 Nf6 27. Qe2 Nxe4 28. Qxe4 Rf8 29. d6 Bf6 30. Qb7 Qxb7 31. Bxb7 Ra2 32. d7 Rxb2 33. Bd6 Rd8 34. Re8+ Nf8 35. Bxf8 1-0